[Event "Pennant A"]
[Site "Adelaide"]
[Date "1998.11.10"]
[Round "5.4"]
[White "Kramer, Warren"]
[Black "Howard, George"]
[Result "0-1"]
[WhiteElo "1337"]
[BlackElo "1571"]
[Annotator "Fritz 5.00 - Anderson-Smith,W"]
[PlyCount "110"]
[EventDate "1998.10.13"]
[EventType "team"]
[EventRounds "6"]
[EventCountry "AUS"]

1. d4 d5 2. c4 e6 3. Nc3 {Queen's Gambit Declined} Bb4 4. cxd5 exd5 5. Nf3 (5.
Bf4 Ne7 (5... Nf6 6. e3 c5 7. Bd3 (7. dxc5 O-O 8. Bd3 Nbd7 9. Nge2 Nxc5 10. O-O
Be6 11. Rc1 Nce4 12. a3 Nxc3 13. Nxc3 Bxc3 14. Rxc3 d4 15. Rc5 dxe3 16. Bxe3
Nd5 17. Bb1 Qe7 18. Rc2 Rfd8 {1/2-1/2 Dorfman,J-Dizdar,G/Sarajevo 1988/CBM 08})
7... Nc6 8. Nge2 cxd4 9. exd4 O-O 10. O-O Bg4 11. f3 Bh5 12. a3 Be7 13. Rc1 Rc8
14. Na4 Re8 15. b4 Bg6 16. Nc5 b6 17. Na6 Bxd3 18. Qxd3 Qd7 19. Nc3 Bd6 20.
Bxd6 Qxd6 21. Nb5 Qd7 22. Rc2 Ne7 23. Nbc7 Red8 24. Rfc1 Nf5 25. Nb5 Rxc2 {
Bareev,E-Lautier,J/Paris Immopar Rapid 1991 1-0 (50+)}) 6. e3 O-O 7. Bd3 c5 8.
dxc5 Nd7 9. Nge2 Nxc5 10. O-O Bg4 11. Rc1 Rc8 12. Nb5 Qb6 13. Nbd4 Ne6 14. Nxe6
fxe6 15. Qa4 Nc6 16. Bg3 e5 17. Nc3 Be6 18. e4 Bxc3 19. bxc3 Qc5 20. Rfd1 Rf7
21. exd5 Bxd5 22. Be4 Bc4 23. Qc2 h6 24. Rd2 Be6 25. h3 Na5 26. Rcd1 Rff8 27.
Bd5 Rce8 28. Bxe5 Nc4 29. Bxe6+ Rxe6 30. Bd4 Qb5 31. Rd3 Nb2 32. Rg3 g5 33. Rb1
Rfe8 34. Rxb2 Qf1+ 35. Kh2 R8e7 36. Re3 {
1-0 Drasko,M-Teske,H/Budapest Autoteam 1991/EXP 26}) 5... Bd7 $14 (5... Ne7 6.
Bf4 (6. Qb3 Bd6 7. Nb5 O-O 8. e3 Nbc6 9. Nxd6 Qxd6 10. Be2 Bf5 11. Bd2 {
1/2-1/2 Zueger,B-Landenbergue,C/Ptuj zt 1995/TUR 95}) 6... O-O 7. e3 c5 8. Be2
Nbc6 9. dxc5 Bxc5 10. O-O a6 11. Rc1 Ba7 12. Qb3 Qa5 13. Rfd1 Rd8 14. Ne5 Nxe5
15. Bxe5 Nc6 16. Rxd5 Be6 17. Rxa5 Bxb3 18. Ra3 Be6 19. Bg3 Rd2 20. Bf3 {
Cebalo,M-Nogueiras,J/Taxco izt 1985/IZT/1/2-1/2 (30)}) (5... Nc6 6. Bg5 f6 7.
Bd2 Nge7 8. Rc1 Bg4 9. e3 Qd7 10. Be2 Bxc3 11. Rxc3 Nd8 12. O-O Nf7 13. Ne1
Bxe2 14. Qxe2 Nd6 15. Rc2 O-O 16. Bb4 c6 17. Nd3 Nef5 18. Qf3 a5 19. Bc5 Rfe8
20. a4 Ne4 21. Qg4 Qc8 22. Ba3 Nfd6 23. Qxc8 Nxc8 24. Rfc1 Nb6 25. b3 Nd7 26.
h4 f5 27. f3 Nef6 28. Kf2 Kf7 29. Bd6 h6 30. Rh1 h5 31. Bf4 Ng8 32. Rh3 Ngf6
33. Rg3 g6 34. Be5 Rg8 35. Bf4 Nh7 36. Rh3 Ndf8 37. Bd6 Ne6 38. Rh1 Rac8 39.
Ba3 Rcd8 40. Re1 Rde8 41. Bd6 Nf6 {
1/2-1/2 Petzold,K-Sygulski,B/NRW-I 1995/GER 10}) (5... c6 $5 $11) 6. a3 $11 (6.
Qb3 Nc6 $14) 6... Bxc3+ 7. bxc3 Ne7 8. Bf4 O-O 9. e3 Ng6 10. Bg3 c6 {
Consolidates b5} 11. Be2 Qa5 12. Qc2 $11 (12. O-O Bf5 (12... Qxc3 $143 13. Qb1
b6 14. Bd6 $16) 13. c4 Nd7 $14) 12... Bg4 13. O-O Nd7 14. Bd6 Rfe8 15. h3 Bxf3
16. Bxf3 Nf6 17. Bb4 Qc7 18. c4 Rad8 $14 (18... a5 19. Bd2 $11) 19. cxd5 Nxd5
20. Bd2 Nh4 21. Bxd5 $15 (21. Be4 $5 {is an interesting idea} Nf6 22. Bd3 $11)
21... Rxd5 22. f4 Qe7 23. Rae1 Qe4 {The mate threat is Qxg2} 24. Qxe4 Rxe4 25.
Rb1 Rd7 26. Rb3 Nf5 27. Kh2 $15 (27. Kf2 Nd6 $11) 27... Nd6 $11 (27... h5 28.
Rc1 $15) 28. Rc1 f6 29. Bb4 Nf5 30. Bd2 $15 (30. Rcc3 g5 31. g4 Nh4 $11) 30...
Ne7 $11 (30... h5 31. Kg1 $15) 31. Rcb1 b6 {Covers a5} 32. Rc1 c5 33. Rc4 cxd4
34. exd4 Rexd4 35. Rxd4 Rxd4 36. Be3 Rd7 37. Bg1 Kf7 38. g4 Nd5 39. f5 Ke7 40.
Rf3 Kd6 41. Bf2 Kc6 42. Rb3 b5 43. Kg3 a6 44. Rb2 (44. Kf3 a5 $17) 44... Nb6
45. Bxb6 Rd3+ 46. Kh4 (46. Kg2 Kxb6 47. a4 $19) 46... Kxb6 47. a4 Ka5 48. axb5
axb5 49. Ra2+ Kb6 50. Re2 (50. Ra8 g5+ 51. fxg6 hxg6 52. Rb8+ Kc5 53. Rc8+ Kd4
$19) 50... b4 51. Re7 (51. Re8 b3 $19) 51... b3 52. Re2 Rc3 53. Rb2 Kc5 54. g5
fxg5+ 55. Kxg5 Rxh3 (55... Rxh3 56. Kg4 Rd3 $19) (55... Kb4 $142 $5 {
makes it even easier for Black} 56. Rb1 Ka3 57. Ra1+ Kb2 58. Re1 $19) 0-1

[Event "Pennant A"]
[Site "Adelaide"]
[Date "1998.11.17"]
[Round "6.1"]
[White "Sykes, Alexander"]
[Black "Cowley, Robert G"]
[Result "1/2-1/2"]
[WhiteElo "1904"]
[BlackElo "1995"]
[Annotator "Fritz 5.00 - Anderson-Smith,W"]
[PlyCount "91"]
[EventDate "1998.10.13"]
[EventType "team"]
[EventRounds "6"]
[EventCountry "AUS"]

1. d4 Nf6 2. c4 c5 3. d5 d6 4. Nc3 g6 5. e4 Bg7 6. h3 e6 7. Nf3 exd5 8. cxd5 {
Benoni Defence} O-O 9. Bd3 a6 (9... b5 $5 10. Nxb5 Re8 11. O-O Nxe4 12. Re1 a6
(12... Ba6 $5 $132) 13. Na3 Nf6 14. Rxe8+ Nxe8 15. Nc4 Bb7 16. Bc2 Nd7 17. Bd2
$1 Bxd5 18. Ba5 Bxf3 19. Qxf3 Qc8 20. Bb3 Rb8 21. Re1 $44 {
Hracek,Z-Knazovcik,L/Luhacovice ch-CR/1993/}) 10. a4 Nbd7 11. O-O Qe7 (11...
Re8 12. Bf4 (12. Re1 Ne5 13. Nxe5 Rxe5 14. Bf4 Re8 15. Bh2 b6 16. Bc4 Ra7 17.
Qd3 Nh5 18. g4 Nf6 19. Qg3 Nd7 20. Bf1 Be5 21. f4 Bd4+ 22. Kh1 g5 23. fxg5 Qxg5
24. Qxd6 Ne5 25. Ne2 Bxb2 26. Rab1 Nd3 27. Ng3 Be5 28. Qxb6 Nxe1 29. Rxe1 Rb7
30. Qc6 Rf8 31. Nh5 Bxg4 32. hxg4 {0-1 Henley,R-Rohde,M/New York op 1990/EXP 16
}) 12... Qe7 13. Bh2 $1 {N} h6 14. Re1 Nh7 15. a5 Rb8 16. Qc2 Nhf8 17. Rad1 b5
18. axb6 Rxb6 19. Ra1 $16 Qf6 $6 20. Nd2 $1 Ne5 21. Bf1 Qe7 22. f4 Ned7 23. Nf3
Nh7 24. Kh1 Qd8 25. e5 $1 {[+]->>>} dxe5 26. fxe5 Ng5 27. Nxg5 Qxg5 28. Ne4 Qd8
29. e6 $1 fxe6 30. Nd6 $18 Rxd6 31. Bxd6 exd5 32. Qxg6 Nf6 $8 33. Bxc5 Be6 34.
Bd3 Bf7 35. Qf5 Qc8 36. Rxe8+ Qxe8 37. Bd4 Be6 38. Qf3 Qd8 39. Rf1 Ne8 40. Bxg7
Nxg7 {1-0 Lutz,C-Lobron,E/Baden Baden 1992} (40... Nxg7 41. Qf4 {
/\Qh6-h7# [Stohl]})) 12. Bg5 (12. Bf4 Nh5 (12... h6 13. Re1 g5 14. Bxd6 Qxd6
15. e5 Qb6 16. exf6 Nxf6 17. Qd2 Bd7 18. Ne5 Rfe8 19. Re3 Qb4 20. Qe2 Red8 21.
Re1 Be8 22. Bc2 Qd4 23. Rd1 Qh4 24. g4 Nd7 25. Nf3 Qxh3 26. Ne1 {
1-0 Dinstuhl,V-Maier,C/BL 9495 Zähringen-Castrop Rauxel 1995}) 13. Bg5 Bf6 14.
Be3 Ne5 15. Be2 Nxf3+ 16. Bxf3 Ng7 17. Qd2 Bd7 18. a5 Kh8 19. Rfe1 Rae8 20.
Rab1 Qd8 21. Ne2 Be5 22. b4 c4 23. Bd4 Qf6 24. Bxe5 Rxe5 25. Rbc1 Bb5 26. Nc3
Rfe8 {Ionov,S-Szalanczy,E/Dortmund op-A 1992/TD 92\03/0-1 (52)}) 12... h6 13.
Be3 $146 (13. Bf4 Re8 14. Qd2 g5 15. Be3 Nf8 16. Rfe1 Ng6 17. e5 dxe5 18. Bxg6
fxg6 19. d6 Qf7 20. Bxc5 e4 21. Nh2 Bd7 22. Ng4 Bxg4 23. hxg4 Rad8 24. Bb6 Rd7
25. f3 Re6 26. Bc5 exf3 27. gxf3 Bf8 {
Deak,S-Madl,I/Zalakaros op 1991/TD 91\05/0-1 (63)}) 13... g5 14. Nh2 Ne5 15. f4
gxf4 16. Bxf4 Nxd3 17. Qxd3 Nh5 18. Bd2 f5 19. Rae1 f4 20. Nf3 $11 {
Blocks the pawn on f4} (20. Ne2 Be5 $14) 20... Bd7 21. e5 $15 (21. Rb1 $5 $11)
21... Bf5 $11 (21... dxe5 22. Qg6 Ng3 23. Rxe5 Qf7 24. Qxf7+ Rxf7 $11) 22. Qc4
Bxe5 $16 (22... dxe5 $5 {might be a viable alternative} 23. Nxe5 Qd6 $11) 23.
Nxe5 {Increasing the pressure on the isolated pawn on f4} dxe5 24. d6+ Qf7 25.
Qxf7+ (25. Qxc5 Rac8 26. Qxe5 Rce8 $18) 25... Rxf7 26. Rxe5 Rd8 27. Rxc5 $16 (
27. g4 Rxd6 28. Rf2 Rg6 $16) 27... Rxd6 28. Bxf4 Nxf4 29. Rxf4 Bd7 30. Rxf7
Kxf7 31. Rc7 b5 (31... b6 32. Kf2 $16) 32. axb5 axb5 33. Nxb5 Rd1+ 34. Kh2 Ke6
35. Nc3 Rd2 36. Ne4 Rxb2 37. Nc5+ Kd6 38. Rxd7+ Kxc5 39. Rh7 Rb6 40. Kg3 Rg6+
41. Kh4 Rxg2 42. Rxh6 {
The passed pawn on h3 will quickly become a dangerous weapon} Kd5 43. Rf6 (43.
Kh5 Ke5 $18) 43... Ke5 44. Rf8 Rg7 45. Kh5 Rh7+ 46. Kg4 1/2-1/2

[Event "Pennant A"]
[Site "Adelaide"]
[Date "1998.11.17"]
[Round "6.2"]
[White "Anderson-Smith, William"]
[Black "Sarma, Venu"]
[Result "0-1"]
[WhiteElo "1512"]
[BlackElo "1465"]
[Annotator "Fritz 5.00 - Anderson-Smith,W"]
[PlyCount "72"]
[EventDate "1998.10.13"]
[EventType "team"]
[EventRounds "6"]
[EventCountry "AUS"]

1. d4 Nf6 2. c4 g6 3. Nc3 d5 4. Bf4 Bg7 5. e3 O-O {
Grunfeld Defence, Grunfeld Gambit.} 6. cxd5 Nxd5 7. Nxd5 Qxd5 8. Bxc7 {
Black gets strong play along the open c-file} Bf5 (8... Na6 9. Bg3 (9. Bxa6
Qxg2 (9... bxa6 10. Nf3 Bf5 11. Qb3 Qc6 12. Bg3 Be4 13. O-O Rfc8 14. Qa3 e6 15.
b3 Bf8 16. Qa5 Qb7 17. Rac1 Bb4 18. Qg5 Bd3 19. Rxc8+ Rxc8 20. Ra1 Be7 21. Qf4
Qc6 22. h4 f6 23. Kh2 Qd5 24. Rd1 Bf5 25. Nd2 g5 26. hxg5 fxg5 27. Qf3 Ba3 28.
Re1 Qxf3 29. Nxf3 Bb4 30. Rg1 h6 31. Ne5 a5 32. f3 Bh7 33. Nc4 Bd3 34. a3 Bxc4
35. bxc4 Bxa3 36. c5 Bb4 37. Rb1 Kf7 38. Be5 h5 39. Kg3 Kg6 40. Kf2 h4 41. Ke2
a6 42. e4 Kh5 43. Kd3 g4 44. fxg4+ Kxg4 45. Kc4 Rf8 46. c6 Rf2 47. Rc1 Ba3 48.
Rc3 Bb4 49. c7 Rf8 50. Rf3 Rc8 51. d5 exd5+ 52. exd5 {
1-0 Yakovich,Y-Kamsky,G/URS-OT56 Barnaul 1988/TD 88\01}) 10. Qf3 Qxf3 11. Nxf3
bxa6 12. Rc1 Bb7 13. Ke2 f6 14. Rc5 e6 15. Rhc1 Rfe8 16. Bg3 Bf8 17. Rc7 Bd5
18. Nd2 e5 19. dxe5 fxe5 20. Nc4 e4 21. b3 Be6 22. h4 Red8 23. Be5 Rd5 24. Rg1
Rc8 25. Rxc8 Bxc8 26. h5 Bg7 27. Bxg7 Kxg7 28. hxg6 h5 29. f3 exf3+ 30. Kxf3
Rf5+ 31. Ke2 Rf6 32. Ne5 Bf5 33. Rc1 Bxg6 34. Rc7+ Kg8 35. Rxa7 h4 36. Ra8+ Kg7
37. Ra7+ Kg8 38. Ra8+ {1/2-1/2 Hjartarson,J-Timman,J/Tilburg 1988/CBM 09}) 9...
Bf5 10. a3 Rac8 11. Nf3 Bc2 12. Qd2 Be4 13. Bd3 Bxf3 14. gxf3 Qxf3 15. O-O e5
16. dxe5 Nc5 17. Qe2 Qxe2 18. Bxe2 Nb3 19. Rad1 Rc2 20. Rfe1 Rxb2 21. Rd5 Nd2
22. Rd4 b5 23. Kg2 Nb1 24. Rb4 Rxb4 25. axb4 Nc3 26. Bf3 Rc8 27. Ra1 Bf8 28.
Rxa7 Bxb4 29. Bg4 Re8 30. Bd7 Rd8 31. e6 f6 32. Bc7 Rf8 33. Ba5 Bxa5 34. e7 Rb8
35. Rxa5 Kf7 36. e8=Q+ Rxe8 37. Bxe8+ Kxe8 38. Ra7 h5 39. Kf3 g5 40. e4 Kf8 41.
Ke3 h4 42. Kd3 Nd1 43. Ra2 b4 44. f3 Kf7 45. Rd2 Nc3 46. Kc4 Nb1 47. Rb2 Nc3
48. Kxb4 Nd1 49. Re2 f5 50. exf5 {1-0 Akopian,V-Ledger,A/Oakham 1990/EXP 16})
9. Qb3 $14 (9. Ne2 Rc8 10. Nc3 Qc6 11. Bg3 Na6 12. Be2 $16) 9... Qxb3 {
Traps the king in the center} 10. axb3 Nc6 11. Ba5 Nxa5 12. Rxa5 a6 {
Controls b5} (12... b6 13. Ra6 $14) 13. Nf3 $11 (13. Ne2 Rfd8 $14) 13... Rac8
14. Ra1 $15 (14. Bc4 $5 $11) 14... Rc2 15. Nd2 Rfc8 {
Black fights for the Initiative} 16. Nc4 b5 17. f3 $2 $19 {
Prevents intrusion on e4+g4} (17. Nb6 Rc1+ 18. Rxc1 Rxc1+ 19. Ke2 Rc2+ 20. Kf3
Rxb2 21. b4 $17) 17... bxc4 18. Bxc4 $2 (18. bxc4 $142 Rb8 19. Rxa6 Rbxb2 20.
Ra8+ Bf8 21. Ra1 $19) 18... Rxg2 19. Rc1 (19. e4 Bd7 $19) 19... Bf6 (19... Rxb2
{might be the shorter path} 20. Rd1 Bc2 21. Ra1 $19) 20. h4 a5 21. h5 Kg7 (
21... Rxb2 {seems even better} 22. hxg6 Bxg6 23. f4 $19) 22. h6+ (22. hxg6 {
does not improve anything} fxg6 23. Rd1 Rxb2 $19) 22... Kg8 23. Ra1 Ra8 (23...
Rxb2 $142 {makes sure everything is clear} 24. O-O Bg5 $19) 24. b4 (24. Be2 Kf8
$19) 24... a4 (24... Rc2 $5 {and Black can already relax} 25. Be2 a4 26. Ra2
Rc1+ 27. Bd1 $19) 25. Bd5 $2 (25. Be2 $19) 25... Ra7 (25... Rc8 $5 {
makes it even easier for Black} 26. e4 Bh3 27. Rxh3 Rg1+ 28. Ke2 Rxa1 29. e5
$19) 26. b5 (26. b3 e6 27. Bc4 $19) 26... Rxb2 {
The passed pawn on a4 quickly leads to threats} 27. Bc6 Bd3 (27... Be6 $142 $5
{keeps an even firmer grip} 28. O-O a3 29. Rf2 $19) 28. Rc1 Bf5 $11 (28... Rc7
$142 {secures the point} 29. Ra1 e6 (29... Bxb5 $143 30. Bxb5 a3 31. Be2 $19) (
29... Rxb5 $6 {is clearly worse} 30. Bxb5 Bxb5 31. Kd2 $19) 30. Rxa4 Be7 31.
Ra8+ Bf8 $19) 29. Be4 $4 $19 {hands over the advantage to the opponent} (29.
Ra1 Be6 30. O-O $19) 29... Bd7 (29... Rxb5 $6 {is clearly weaker} 30. Bxf5 Rb8
31. Be4 $19) 30. Bd3 (30. Rb1 {is not much help} Rxb1+ 31. Bxb1 e5 $19) 30...
a3 31. O-O Bg5 32. f4 Bxh6 33. Ra1 (33. Rb1 {doesn't change anything anymore}
Ra4 $19) 33... Bxb5 34. Bxb5 Rxb5 35. Ra2 Rb3 36. Rc1 (36. Kf2 {
does not win a prize} Rc7 $19) 36... Rxe3 (36... Rxe3 37. f5 Rb3 $19 (37...
gxf5 $4 38. Rg2+ Rg3 39. Rxg3+ Bg5 40. Rxg5+ Kf8 41. Rc8#)) 0-1

[Event "Pennant A"]
[Site "Adelaide"]
[Date "1998.11.17"]
[Round "6.3"]
[White "Moran, Raeph"]
[Black "Watters, Daniel"]
[Result "1/2-1/2"]
[WhiteElo "1024"]
[BlackElo "1435"]
[Annotator "Fritz 5.00 - Anderson-Smith,W"]
[PlyCount "97"]
[EventDate "1998.10.13"]
[EventType "team"]
[EventRounds "6"]
[EventCountry "AUS"]

1. e4 c5 2. Nf3 d6 3. d4 cxd4 4. Nxd4 Nf6 5. Nc3 Nc6 6. Be3 e6 7. Bc4 {
Sicilian Defence, Leonhard-Sozin Attack} a6 (7... Be7 8. Qe2 Qc7 9. Bb3 O-O 10.
O-O-O a6 11. Kb1 (11. g4 Nxd4 12. Rxd4 Nd7 13. g5 (13. f4 b5 14. g5 Nc5 15. Rg1
Rb8 16. Kb1 a5 17. f5 a4 18. f6 axb3 19. axb3 b4 20. Nb5 Qa5 21. fxe7 $13 {
De Firmian,N-Lein,A New York op (4) 1990 1-0 38}) 13... Nc5 14. h4 b5 15. f3 $2
(15. h5 $132) 15... Rb8 16. Kb1 a5 $1 $17 17. a3 (17. Nxb5 $4 Rxb5 18. Qxb5 Ba6
$19) 17... b4 18. axb4 axb4 19. Na2 Nxb3 20. cxb3 Qa5 21. Qh2 Bd7 22. Rc1 Ra8
23. Nxb4 d5 24. Bd2 Rfb8 25. Rc7 (25. Nc6 $4 Qa2+ 26. Kc2 Bxc6 $19) 25... Qb6
26. Rxd7 Qxd4 27. Rxe7 Rxb4 28. Bxb4 Qd1# {
0-1 Frolov,A-Shirov,A/Biel izt 1993/[Boensch]}) (11. Rhg1 Nd7 12. g4 Nxd4 13.
Bxd4 Nc5 14. g5 Re8 15. Rg3 Nxb3+ 16. axb3 Qa5 17. Kb1 e5 18. b4 Qd8 19. Bxe5
Be6 20. f4 Bf8 21. Qf3 Qc7 22. Bd4 d5 23. f5 dxe4 24. Nxe4 Bd7 25. g6 fxg6 26.
fxg6 Rac8 27. Bc3 Bc6 28. Nf6+ {1-0 Hellers,F-Cebalo,M/Herning 1991/EXP 27})
11... b5 12. Nxc6 Qxc6 13. Bd4 Bb7 14. Rhe1 Bd8 15. f4 b4 16. e5 dxe5 17. fxe5
Nd7 18. Ne4 Qxe4 19. Qxe4 Bxe4 20. Rxe4 Be7 21. Bc4 a5 22. c3 Rfb8 23. cxb4
axb4 24. Rf1 Bc5 25. Bxc5 Nxc5 26. Ref4 Ra7 27. Rd1 Rd7 28. Rxd7 Nxd7 29. Re4
h5 30. Be2 g6 31. Kc2 Kf8 32. h4 Ke7 33. Kb1 Kd8 34. Kc2 Rb7 35. Rd4 Ke7 36.
Kb3 Nc5+ 37. Kc4 Nd7 38. Kb3 Nc5+ {
1/2-1/2 Kengis,E-Kozul,Z/Moscow olm 1994/EXP 44}) 8. Qd2 (8. f3 Qc7 9. Bb3 Na5
10. Qd2 Nc4 11. Bxc4 Qxc4 12. O-O-O Be7 13. g4 O-O 14. h4 b5 15. Kb1 b4 16.
Nce2 Bb7 17. Ng3 Rac8 18. h5 a5 19. Qh2 Nd7 20. g5 Ne5 21. g6 h6 22. Qd2 fxg6
23. Bxh6 Nxf3 24. Nxf3 Rxf3 25. Bxg7 Qxc2+ 26. Qxc2 Rxc2 27. h6 Rc8 28. Rc1
Rxc1+ 29. Rxc1 Rxg3 30. Rc7 Bxe4+ 31. Kc1 Bg5+ 32. Kd1 Rh3 33. Rc8+ Kf7 34.
Rf8+ Ke7 35. Rh8 Bd3 {0-1 Gullaksen,E-Degerman,L/Gausdal AC 1993/TD 93\03})
8... Be7 9. f3 (9. h3 Qc7 10. O-O-O O-O 11. f4 b5 12. Bb3 b4 13. Nxc6 Qxc6 14.
Ba4 bxc3 15. Bxc6 cxd2+ 16. Rxd2 Rb8 17. Ba7 Rb4 18. Rd4 Rxd4 19. Bxd4 Nh5 20.
Rf1 Bf6 21. e5 dxe5 22. fxe5 Bg5+ 23. Kd1 Rd8 {
Rohackova,V-Chistjakova,T/WchJW U10 1996/0-1 (34)}) 9... O-O $146 (9... Qc7 10.
Bb3 Na5 11. O-O O-O 12. Rad1 Nxb3 13. Nxb3 b5 14. a3 Bb7 15. Qf2 d5 16. Bb6 Qb8
17. Rfe1 dxe4 18. Nxe4 Bxe4 19. fxe4 Ng4 20. Qd4 Qxh2+ 21. Kf1 Bf6 22. Qg1 Qf4+
{0-1 Kloster,J-Hoepfl,T/Dortmund op-A 1992/TD 92\03}) 10. g4 (10. O-O Nxd4 11.
Bxd4 b5 $11) 10... Ne5 $14 (10... d5 11. exd5 Nxd5 12. Bxd5 exd5 13. O-O-O $11)
11. Bb3 b5 12. g5 Nfd7 $16 (12... Ne8 13. f4 Nc4 14. Bxc4 bxc4 15. Nc6 $11) 13.
Bxe6 $4 $19 {
not a good decision, because now the opponent is right back in the game} (13.
f4 $142 Ng6 14. f5 $16) 13... Nxf3+ $4 $15 {gives the opponent new chances} (
13... fxe6 $142 {Black clearly has the better chances} 14. Qe2 Nb8 $19 (14...
Bxg5 $143 15. Nxe6 Nxf3+ 16. Kd1 $19)) 14. Nxf3 fxe6 {
Consolidates d5. Opening the f-file gets Black a lot of play} 15. Nd4 $17 (15.
Rf1 Bb7 16. a3 Nc5 17. Bxc5 dxc5 $15) 15... Ne5 16. b3 {Covers c4} Bb7 17.
O-O-O Qc8 $15 (17... Nf3 18. Qd3 (18. Nxe6 $2 {
doesn't lead to the expected results} Qc8 (18... Nxd2 19. Nxd8 Nxe4 20. Nxb7
Nxc3 21. Rd3 Nxa2+ 22. Kb2 $15) 19. Nd5 Qxe6 20. Nxe7+ Qxe7 21. Qxd6 Qxe4 $19)
18... Nxd4 19. Qxd4 Bxg5 20. Bxg5 Qxg5+ 21. Kb2 $17) 18. Rhf1 Qd7 19. Bf4 Ng6
20. Bg3 Rac8 21. h4 e5 $14 (21... Rxf1 $142 22. Rxf1 Qc7 $17) 22. Nf5 {
The pressure on the backward pawn d6 grows} b4 $16 (22... Rc5 23. b4 Rc4 24.
Nd5 $11) 23. Nxe7+ $15 (23. Nd5 $142 $5 Bxd5 24. Qxd5+ Kh8 25. Qd2 $14) 23...
Nxe7 24. Rxf8+ Rxf8 $11 (24... Kxf8 25. Na4 Qc7 26. Re1 $11) 25. Nd5 $17 {
White can be proud of that piece} (25. Na4 $142 $5 {
must definitely be considered} Bxe4 26. Nc5 $11) 25... Nxd5 26. exd5 Qg4 27.
Rg1 a5 28. Qd1 Qxd1+ $15 (28... Qf3 $5 $17) 29. Rxd1 Rf3 30. Be1 Kf7 31. Kb2
Rf4 32. c3 Rf1 $11 (32... Ke7 33. a3 $15) 33. cxb4 axb4 34. Kc2 $15 (34. Rc1 $5
Bxd5 35. Bxb4 $11) 34... Rf4 35. Kb2 Ke7 36. Rc1 Bxd5 37. Rc7+ Ke6 38. Rxg7 Rf7
$4 $16 {gives the opponent counterplay} (38... Re4 $142 {
and Black can hope to survive} 39. Bxb4 Rxb4 40. Rxh7 Rg4 $17) 39. Rxf7 Kxf7
40. Bxb4 {The passed pawn on b3 will quickly become a dangerous weapon} Ke6 41.
a4 e4 $18 (41... Bf3 42. a5 Be2 43. Kc2 $16) 42. a5 Bb7 (42... Kd7 43. h5 $18)
43. Kc2 d5 44. Bc3 (44. Bc5 Ke5 45. Kc3 Kf4 $18) 44... Kf5 45. Bd4 Kg4 46. b4
Ba6 47. Kd2 (47. Kc3 Kxh4 48. Bf6 Kg3 $16) 47... Kxh4 48. Be3 Kg4 49. Kc3
1/2-1/2

[Event "Pennant A"]
[Site "Adelaide"]
[Date "1998.11.17"]
[Round "6.4"]
[White "Kramer, Warren"]
[Black "Beltsos, Michael"]
[Result "1-0"]
[WhiteElo "1337"]
[BlackElo "1339"]
[Annotator "Fritz 5.00 - Anderson-Smith,W"]
[PlyCount "57"]
[EventDate "1998.10.13"]
[EventType "team"]
[EventRounds "6"]
[EventCountry "AUS"]

1. e4 g6 2. d4 Bg7 3. Nf3 d6 {Pirc Defence} 4. Nc3 Nf6 5. Be2 O-O 6. O-O c6 7.
Bg5 (7. a4 a5 (7... Na6 8. e5 Ne8 9. Bxa6 bxa6 10. Re1 Nc7 11. Ne4 dxe5 12.
Nxe5 Bxe5 13. dxe5 Qxd1 14. Rxd1 Bf5 15. f3 Ne6 16. b3 Rfd8 17. Ba3 Kf8 18. Kf2
Bxe4 19. fxe4 Ke8 20. Ke3 Rab8 21. Bb2 h5 22. h4 Rxd1 23. Rxd1 Rd8 24. Rf1 c5
25. Bc3 Nd4 26. Rf2 Ne6 {1/2-1/2 Adams,M-Shirov,A/Dortmund 1996/TUR 96}) 8. Be3
(8. h3 Na6 9. Be3 Nb4 10. Nd2 d5 11. Bf3 $6 $146 (11. e5 $14) 11... dxe4 12.
Ndxe4 Nxe4 13. Nxe4 f5 $5 14. Ng5 $6 e6 $5 {/\15...f4,/\15...h6} 15. c3 f4 16.
Bd2 Qxg5 17. cxb4 Bxd4 18. Bc3 Bxc3 19. bxc3 e5 20. Qb3+ $2 Kg7 21. Kh2 e4 $1
22. Bxe4 f3 $1 23. Bxf3 Qe5+ {
0-1 Tatai,S-Krasenkow,M/Reggio9697 1996/CBM 57/[Krasenkow,M]}) 8... Ng4 9. Bg5
h6 10. Bh4 Qc7 11. Nd2 $1 Nf6 12. f4 e6 13. Nc4 d5 14. e5 Ne8 15. Ne3 $16 Kh7
16. g4 f5 17. Kh1 b6 18. Rg1 Ba6 19. gxf5 exf5 20. Bf3 Qf7 21. Ne2 Nc7 22. Ng3
Nd7 23. Ngxf5 gxf5 24. Bh5 Qe6 25. Bg6+ Qxg6 26. Rxg6 Kxg6 27. Nxf5 Kxf5 28.
Qh5+ Ke6 29. Qg4+ Kf7 30. Rg1 Ne8 31. e6+ {
1-0 Psakhis,L-Kochyev,A/Groningen op 1990/CBM 22}) 7... b5 (7... h6 8. Be3 Nbd7
9. a4 e5 10. dxe5 dxe5 11. Nd2 Qe7 12. Nc4 Nc5 13. Qd6 Qxd6 14. Nxd6 Ne6 15.
Rfd1 Bd7 16. Nc4 Nd4 17. Bxd4 exd4 18. Rxd4 Nd5 19. Rd3 Nxc3 20. bxc3 Be6 21.
Ne3 Rfd8 22. Rb1 {
Enders,P-Bologan,V/BL9697 Duisburg-Dresden 1997/BL9697/1-0 (42)}) 8. e5 Ne8 9.
exd6 $146 (9. d5 b4 10. Ne4 dxe5 11. dxc6 Qxd1 12. Raxd1 f6 13. Bc4+ Kh8 14.
Rd8 Nxc6 15. Bd5 Nxd8 16. Bxa8 fxg5 17. Nfxg5 h6 18. Nf3 Bb7 19. Bxb7 Nxb7 20.
Rd1 Ned6 {0-1 Prause,R-Nill,O/GER-chJ U13 1995}) 9... Nxd6 10. a3 Bg4 11. Re1
Nf5 12. d5 $15 (12. Qd3 $5 $11) 12... Bxc3 13. bxc3 {Consolidates d4} f6 $11 {
Secures e5} (13... Qxd5 $5 14. h3 Bxf3 15. Bxf3 Qxd1 16. Raxd1 f6 $15) 14. Bf4
cxd5 $14 (14... Qxd5 15. Qxd5+ cxd5 16. h3 Bxh3 17. gxh3 $16) 15. Bxb5 $15 (15.
h3 $5 {looks like a viable alternative} Bxh3 {Black return some of the material
} 16. gxh3 $14) 15... e5 16. Bxe5 $2 $19 (16. Bc1 $142 $11 {
and White can hope to live}) 16... fxe5 17. Rxe5 Qf6 $4 $16 {
there were better ways to keep up the pressure} (17... Nh4 $142 {
is the best option Black has} 18. Rxd5 Qc8 $15 (18... Nxf3+ $2 {
looks very interesting, but} 19. gxf3 Qf6 20. fxg4 $18)) 18. Qxd5+ Kg7 $2 $18 (
18... Kh8 $142 19. Re8 Rxe8 20. Bxe8 Qxc3 $16) 19. Rae1 (19. Qxa8 $142 $5 {
seems even better} Bxf3 20. Qxa7+ Rf7 21. Qxb8 Nd6 $18) 19... Na6 20. Re6 $4
$11 {letting the wind out of his own sails} (20. Qb7+ $142 {
White would have gained the upper hand} Kh8 21. Qxa6 (21. Bxa6 $6 Bxf3 22. gxf3
Rab8 $11) 21... Qxa6 22. Bxa6 Bxf3 23. gxf3 $18) 20... Nc7 21. Qb7 $17 (21.
Qxa8 Rxa8 22. Rxf6 Kxf6 23. Bc6 Bxf3 24. Bxf3 $17) 21... Qf7 $1 {
Black stays in the lead} (21... Qxc3 $4 {
A poison bait which should not be taken} 22. Rc6 Qxc6 23. Bxc6 $18) 22. Ng5
Rab8 $4 $18 {forfeits the advantage} (22... Nd6 $142 $1 23. Re7 Nxb7 $19) 23.
Qe4 (23. Nxf7 $2 {is tempting, but} Rxb7 24. Ng5 Kh6 $19) (23. Qxa7 $6 {
is the weaker alternative} Nxb5 24. Qc5 Qg8 $14) 23... Ng3 $4 {
leading to a quick end} (23... Qg8 24. Bc4 Nxe6 25. Nxe6+ Kh8 26. Nxf8 Qxf8 27.
Qxg4 Qxa3 $18) 24. Qe5+ (24. Nxf7 Nxe4 25. R6xe4 Nxb5 $15) 24... Kh6 (24... Kg8
{cannot change what is in store for ?} 25. Nxf7 Rxf7 26. Rc6 Rxb5 27. Qxg3 $18
(27. fxg3 $6 Rxe5 28. Rxe5 Bd1 $16) (27. hxg3 $6 Rxe5 28. Rxe5 Rd7 $18)) 25.
Nxf7+ (25. Qxg3 $6 {succumbs to} Qf4 26. Qh4+ Bh5 27. Qxf4 Rxf4 $16) 25... Rxf7
26. Qe3+ Kg7 27. Re7 $1 {Boing!. Do you see the mate threat?} Nf5 28. Qe5+ Kf8
29. Qh8# 1-0